01361nam a2200217 i 4500003000900000005001700009007000300026008004100029020001800070040003000088041000800118082001500126100003600141245011600177264007500293300005400368336002700422337003400449338002800483520063200511DO-SdBNP20260513153333.0ta260513e2025 dr a|||gr|||||||| ||spa d a9789945656626 aDO-SdBNPbspacBNPHUerda aspa bT233p 2025 aTaveras, Víctor Manueleautor aPequeña alcancía, grandes inversiones : bcómo enseñar finanzas a tus hijos /cVíctor Manuel Taveras. aSanto Domingo, República Dominicana : bEditorial Santuario, c2025. a227 páginas : bilustraciones ; c23 x 15.5 cm. atextobtxt2rdacontent asin mediación bn2rdamedia avolumenbnc2rdacarrier aQuizá has escuchado hablar del protagonista de esta historia: Se trata de un joven atleta llamado Mike Tyson, lleno de talento, fuerza y sueños de grandeza, pero sin mucha idea de cómo funcionaba el dinero. Desde niño, Mike se visualizaba como campeón mundial, ¡y vaya si lo logró! Con el tiempo, llegó a ganar alrededor de 400 millones de dólares, conquistando los cuadriláteros del mundo. Pero en su infancia, nadie le enseñó a ahorrar, invertir, o planear para el futuro. Para él, el dinero parecía algo infinito, destinado solo para gastar. ¿No era acaso para eso que soñaba con ser campeón?